|
|
|
|
| LEADER |
01217nam a2200373 i 4500 |
| 001 |
nkc20233510610 |
| 003 |
CZ PrNK |
| 005 |
20230703081253.0 |
| 007 |
ta |
| 008 |
230405s2023 xr a e 000 p cze |
| 015 |
|
|
|a cnb003510610
|
| 020 |
|
|
|a 978-80-11-03078-0
|q (brožováno)
|
| 035 |
|
|
|a (OCoLC)1389728876
|
| 040 |
|
|
|a OLA001
|b cze
|e rda
|
| 072 |
|
7 |
|a 821.162.3-1
|x Česká poezie
|2 Konspekt
|9 25
|
| 080 |
|
|
|a 821.162.3-1
|2 MRF
|
| 080 |
|
|
|a (0:82-1)
|2 MRF
|
| 100 |
1 |
|
|a Kučera, Kryštof
|4 aut
|4 pbl
|
| 245 |
1 |
0 |
|a Putyka věčnosti /
|c autor: Kryštof Kučera ; ilustrace: Magdaléna Fialová
|
| 250 |
|
|
|a První vydání
|
| 264 |
|
1 |
|a Dřínov :
|b Kryštof Kučera,
|c 2023
|
| 300 |
|
|
|a 93 stran :
|b ilustrace ;
|c 15 cm
|
| 336 |
|
|
|a text
|b txt
|2 rdacontent
|
| 337 |
|
|
|a bez média
|b n
|2 rdamedia
|
| 338 |
|
|
|a svazek
|b nc
|2 rdacarrier
|
| 500 |
|
|
|a Název z obálky
|
| 655 |
|
7 |
|a česká poezie
|7 fd133958
|2 czenas
|
| 655 |
|
9 |
|a Czech poetry
|2 eczenas
|
| 700 |
1 |
|
|a Fialová, Magdalena,
|d 1974-
|7 xx0014774
|4 ill
|
| 910 |
2 |
|
|a BOA001
|b S-1507.719
|
| 990 |
|
|
|a BK
|
| 995 |
|
|
|a 01
|
| 991 |
|
|
|b 202307
|c NOV
|
| 996 |
6 |
|
|b 2610941912
|c S-1507.719
|l MZK
|r Sklad / do 24 hodin
|n 0
|p p.v.
|w 001929552
|u 000010
|a 1
|e BOA001
|j MZK50
|s P
|